000 00324nam a22001337a 4500
008 181019b xxu||||| |||| 00| 0 eng d
020 _a0898620112
041 _aeng
080 _a159.9
100 _a48
101 _aPSI
245 _aSocial Cognition and Clinical Psychology a Synthesis
_cAbramson,L.Y
942 _2udc
_cBK
999 _c50193
_d50193